Estatísticas para Slogans da TV Brasileira

Clique aqui para jogar o quiz

Estatísticas Gerais

  • Esse quiz foi jogado 17 vezes
    (9 desde o último reset)
  • A pontuação média é 6 de 15

Estatísticas das Respostas

SloganEmissora% Correto
A TV que tem torcidaSBT
86%
Olho na Tela...Band
86%
Nunca desligaGloboNews
71%
A rede de TV que mais cresce no BrasilRedeTV!
57%
Somos todos campeõesSporTV
57%
Torcemos juntosFOX Sports
57%
Pronto pra lutaCombate
43%
O melhor time é o seuPremiere
43%
A vida precisa de esporteESPN
43%
Informação para você crescerRecord News
29%
A gente se diverteMultishow
29%
Emoções ExtremasSpace
14%
Reinventar é nossa marcaRecordTV
14%
O canal da famíliaRedevida
14%
Do Rio para o Rio e para todo o BrasilGlobo Rio
0%

Distribuição das Pontuações

Percentil de Números Respondidos

Porcentagem de Pessoas com Cada Pontuação

Sua Pontuação Histórica

Você não jogou esse quiz desde o último reset